000 00562nam a2200229Ia 4500
003 OSt
005 20220924143306.0
006 a|||||r|||| 00| 0
007 ta
008 220923b |||||||| |||| 00| 0 ori d
024 _a307604
037 _cTextual
040 _aARTS
_cARTS
_bORI
041 _2ORI
_aORI
082 _aO1591,1:g, K5
100 _aDas Kartik
_9215307
245 0 _aRukmini Bibha
260 _c1965
650 _aORIYA LITERATURE
_927692
942 _hO1591,1:g, K5
_cTEXL
_2CC
999 _c453934
_d453934